[Event "ch N1A"]
[Site "Issy les Moulineaux"]
[Date "10.12.06"]
[Round "4.4"]
[White "Harovelo, Ingmar"]
[Black "Aguettaz, Maxime"]
[Result "0-1"]
[WhiteElo "2226"]
[BlackElo "2300"]
[PlyCount "56"]
[EventDate "10.12.06"]
[WhiteTeam "Issy les Moulineaux"]
[BlackTeam "Noyon"]

1. d4 Nf6 2. c4 g6 3. Nc3 Bg7 4. g3 O-O 5. Bg2 d6 6. Nf3 Nbd7 7. O-O e5 8. e4
a6 9. Qc2 exd4 10. Nxd4 Re8 11. Rd1 Ne5 12. c5 Bd7 13. cxd6 cxd6 14. Kh1 Rc8
15. Nde2 Neg4 16. Nf4 Nxe4 17. Bxe4 Rxe4 18. f3 Bf5 19. Qg2 Ne3 20. Bxe3 Rxe3
21. g4 Be6 22. Qf2 Re5 23. Ne4 Rc6 24. Rd2 Bxg4 25. Rad1 Rxe4 26. fxe4 Bxd1 27.
Rxd1 Qf6 28. Rf1 Qxb2 0-1

[Event "ch N1A"]
[Site "Issy les Moulineaux"]
[Date "10.12.06"]
[Round "4.5"]
[White "Housieaux, David"]
[Black "Emmenecker, Philippe"]
[Result "1-0"]
[WhiteElo "2336"]
[BlackElo "2195"]
[PlyCount "73"]
[EventDate "10.12.06"]
[WhiteTeam "Noyon"]
[BlackTeam "Issy les Moulineaux"]

1. d4 Nf6 2. c4 g6 3. Nc3 Bg7 4. e4 d6 5. Bd3 O-O 6. Nge2 Nc6 7. O-O e5 8. d5
Nd4 9. Nxd4 exd4 10. Ne2 Re8 11. f3 c5 12. Bg5 h6 13. Bh4 a6 14. Qc2 Bd7 15.
Bg3 Qe7 16. h3 b5 17. Rae1 h5 18. Nc1 Nh7 19. f4 h4 20. Bh2 bxc4 21. Bxc4 Nf6
22. e5 Nh5 23. e6 Bb5 24. f5 g5 25. exf7+ Qxf7 26. Re6 Nf6 27. Bxd6 Rad8 28.
Nd3 Ne4 29. Bxb5 axb5 30. Ne5 Bxe5 31. Bxe5 Rxe6 32. fxe6 Qg6 33. Rf6 Qh7 34.
Rf7 Qg6 35. Rg7+ Qxg7 36. Bxg7 Ng3 37. Qg6 1-0

[Event "ch N1A"]
[Site "Issy les Moulineaux"]
[Date "10.12.06"]
[Round "4.6"]
[White "Geffroy, Laurent"]
[Black "Van Heirzeele, Daniel"]
[Result "1-0"]
[WhiteElo "2246"]
[BlackElo "2231"]
[PlyCount "93"]
[EventDate "10.12.06"]
[WhiteTeam "Issy les Moulineaux"]
[BlackTeam "Noyon"]

1. d4 Nf6 2. Bg5 e6 3. e4 h6 4. Bxf6 Qxf6 5. Nc3 Bb4 6. Qd2 c5 7. a3 Bxc3 8.
bxc3 d6 9. Rd1 O-O 10. Nf3 Nc6 11. Qe3 b6 12. e5 dxe5 13. dxe5 Qe7 14. Bd3 Bb7
15. O-O Rfd8 $11 16. Nd2 Rd5 17. f4 Rad8 18. c4 R5d7 19. Ne4 Na5 20. Nd6 Rxd6
21. exd6 Rxd6 22. Qe5 Rd8 23. Rde1 Nc6 24. Qh5 Qf6 25. Qe2 Nd4 26. Qe5 Qe7 27.
Re3 Qd6 28. Qxd6 Rxd6 29. f5 Nxf5 30. Bxf5 exf5 31. Rxf5 Rd1+ 32. Rf1 Rd2 33.
Re8+ Kh7 34. Rxf7 Rxg2+ 35. Kf1 Bc6 36. Re6 Ba8 37. Rxa7 Bf3 38. Rf7 Ba8 39.
Rf8 Bb7 40. Rxb6 Be4 41. Rf4 Ba8 42. Ra6 Bb7 43. Ra7 Bc6 44. Rc7 Ba8 45. Rf2
Rg5 46. h4 Re5 47. Rff7 1-0

[Event "ch N1A"]
[Site "Issy les Moulineaux"]
[Date "10.12.06"]
[Round "4.7"]
[White "Clery, Nicolas"]
[Black "Akl, Nabil"]
[Result "1-0"]
[WhiteElo "2313"]
[BlackElo "2152"]
[PlyCount "159"]
[EventDate "10.12.06"]
[WhiteTeam "Noyon"]
[BlackTeam "Issy les Moulineaux"]

1. d4 Nf6 2. c4 e6 3. Nf3 Bb4+ 4. Nbd2 b6 5. g3 Bb7 6. Bg2 O-O 7. O-O a5 8. Qc2
Re8 9. e4 d6 10. e5 dxe5 11. dxe5 Nfd7 12. Ne4 h6 13. Rd1 Qe7 14. h4 Nc6 15.
Bxh6 Ncxe5 16. Nxe5 Nxe5 17. Ng5 Ng6 18. Bxb7 gxh6 19. Bxa8 hxg5 20. h5 Ne5 21.
Bg2 Qf6 22. Rab1 Bc5 23. Rd2 Ng4 24. Rf1 Qh8 25. Bf3 Ne5 26. Qd1 Qf6 27. Be2
Kg7 28. Kg2 Rg8 29. a3 Kh6 30. Qb1 Qe7 31. Qe4 Bd6 32. Rfd1 f5 33. Qe3 Nf7 34.
Qc3 Be5 35. Qf3 Bd6 36. Qb7 g4 37. b4 axb4 38. axb4 Qg5 39. c5 bxc5 40. bxc5
Be5 41. Rd7 Rg7 42. Qc6 Qf6 43. Bc4 Ng5 44. Rxg7 Kxg7 45. Qe8 Kh6 46. Re1 Bc3
47. Rd1 Be5 48. Be2 Ne4 49. Rd7 Nxc5 50. Rf7 Qh8 51. Qe7 Qg8 52. Qxc5 Qxf7 53.
Qxe5 Kxh5 54. Bc4 Kg5 55. Bxe6 Qf6 56. Qf4+ Kg6 57. Bc4 Qc6+ 58. Kh2 Qc5 59.
Kg1 Qa5 60. Kf1 Qa1+ 61. Ke2 Qb2+ 62. Kd3 Qb6 63. Qe3 Qb1+ 64. Kd4 Qa1+ 65. Kd3
Qb1+ 66. Kd2 Qb2+ 67. Kd1 Qa1+ 68. Qc1 Qd4+ 69. Ke1 Qe4+ 70. Be2 Qe5 71. Qc6+
Kg5 72. Kf1 Qa1+ 73. Kg2 Qe5 74. Bc4 Qe7 75. Qe6 Qc5 76. Qe3+ Qxe3 77. fxe3 Kf6
78. Kf2 Ke5 79. Ke2 c5 80. Kd3 1-0

[Event "ch N1A"]
[Site "Issy les Moulineaux"]
[Date "10.12.06"]
[Round "4.8"]
[White "Baldi, Elise"]
[Black "Assad, Karine"]
[Result "1/2-1/2"]
[WhiteElo "1760"]
[BlackElo "2055"]
[PlyCount "59"]
[EventDate "10.12.06"]
[WhiteTeam "Issy les Moulineaux"]
[BlackTeam "Noyon"]

1. d4 Nf6 2. c4 e6 3. Nc3 Bb4 4. Nf3 b6 5. g3 Bb7 6. Bg2 O-O 7. O-O Bxc3 8.
bxc3 d6 9. Qb3 Nbd7 10. Bf4 Qe7 11. c5 e5 12. cxd6 cxd6 13. Be3 Rfc8 14. Rac1
Nf8 15. Rfd1 h6 16. Bh3 Rd8 17. Nh4 Qc7 18. Nf5 Ng6 19. Qc2 Qc6 20. f3 Rac8 21.
Nxh6+ gxh6 22. Bxc8 Rxc8 23. Bxh6 Qc4 24. Qf5 Ne8 25. Rd2 Ng7 26. Qf6 Ne8 27.
Qf5 Bd5 28. dxe5 Be6 29. Qg5 Qc5+ 30. Kg2 1/2-1/2

[Event "ch N1A"]
[Site "Clichy II"]
[Date "10.12.06"]
[Round "4.1"]
[White "Delorme, Axel"]
[Black "Justo, Damian"]
[Result "1/2-1/2"]
[WhiteElo "2274"]
[BlackElo "2306"]
[PlyCount "54"]
[EventDate "10.12.06"]
[WhiteTeam "Clichy II"]
[BlackTeam "Evry Grand Roque II"]

1. e4 e6 2. d4 d5 3. Nc3 Bb4 4. e5 c5 5. a3 Bxc3+ 6. bxc3 Ne7 7. Qg4 O-O 8. Bd3
Nbc6 9. Qh5 Ng6 10. Nf3 Qc7 11. Be3 c4 12. Bxg6 fxg6 13. Qg4 Bd7 14. h4 Rf5 15.
h5 gxh5 16. Rxh5 Rxh5 17. Qxh5 Be8 18. Qh3 Nd8 19. Kd2 Bg6 20. Nh4 Qf7 21. g4
Nc6 22. Nxg6 Qxg6 23. f4 Rf8 24. Rf1 Ne7 25. Qh4 Nc6 26. Qh3 Ne7 27. Qh4 Nc6
1/2-1/2

[Event "ch N1A"]
[Site "Clichy II"]
[Date "10.12.06"]
[Round "4.2"]
[White "Debray, Christopher"]
[Black "Silva, Sebastain"]
[Result "0-1"]
[WhiteElo "2269"]
[BlackElo "2368"]
[PlyCount "80"]
[EventDate "10.12.06"]
[WhiteTeam "Evry Grand Roque II"]
[BlackTeam "Clichy II"]

1. e4 c5 2. Nf3 Nc6 3. d4 cxd4 4. Nxd4 g6 5. Nc3 Bg7 6. Be3 Nf6 7. Bc4 d6 8. h3
O-O 9. Bb3 Bd7 10. O-O a6 11. f4 b5 12. Qd3 Rc8 13. Nxc6 Bxc6 14. e5 Ne8 15. e6
f5 16. Nd5 Bxd5 17. Bxd5 Bxb2 18. Rab1 Bg7 19. c4 Nf6 20. cxb5 Nxd5 21. Qxd5
axb5 22. Rxb5 Rc3 23. Bd2 Rc2 24. a4 Qa8 25. a5 Qxd5 26. Rxd5 Rb8 27. Be3 Re2
28. Bb6 Rxe6 29. Rc1 Re4 30. Rc7 Bf6 31. Rd2 Rxf4 32. Ra2 Rb4 33. Be3 Rb1+ 34.
Kf2 R8b2+ 35. Rxb2 Rxb2+ 36. Kf3 Ra2 37. Ra7 Kf7 38. a6 Ke6 39. Ra8 Kd5 40. Bb6
Bd4 0-1

[Event "ch N1A"]
[Site "Clichy II"]
[Date "10.12.06"]
[Round "4.3"]
[White "Sorbe, Stephane"]
[Black "Guillon, Cyril"]
[Result "1-0"]
[WhiteElo "2323"]
[BlackElo "2224"]
[PlyCount "61"]
[EventDate "10.12.06"]
[WhiteTeam "Clichy II"]
[BlackTeam "Evry Grand Roque II"]

1. e4 c5 2. Nc3 Nc6 3. g3 g6 4. Bg2 Bg7 5. d3 d6 6. f4 e6 7. Nf3 Nge7 8. O-O
O-O 9. Be3 Nd4 10. Rb1 Nec6 11. Ne2 b6 12. Nh4 d5 13. Nc1 Ne7 14. Bd2 Qd7 15.
c3 Ndc6 16. f5 exf5 17. exf5 Nxf5 18. Nxf5 gxf5 19. Ne2 Bb7 20. Nf4 Ne5 21. Nh5
Rfe8 22. Nxg7 Kxg7 23. Qh5 Re6 24. Bh3 d4 25. Bxf5 Ng6 26. Bxe6 Qxe6 27. cxd4
cxd4 28. Rbe1 Qc6 29. Re4 Qc2 30. Bh6+ Kg8 31. Qf5 1-0

[Event "ch N1A"]
[Site "Clichy II"]
[Date "10.12.06"]
[Round "4.4"]
[White "Roumegous, Etienne"]
[Black "Mullon, Jean-Baptiste"]
[Result "0-1"]
[WhiteElo "2115"]
[BlackElo "2344"]
[PlyCount "22"]
[EventDate "10.12.06"]
[WhiteTeam "Evry Grand Roque II"]
[BlackTeam "Clichy II"]

1. d4 d5 2. c4 c6 3. Nc3 Nf6 4. Bg5 dxc4 5. e3 b5 6. Bxf6 exf6 7. Nxb5 cxb5 8.
Qf3 Bb4+ 9. Kd1 Qc7 10. Qxa8 Bb7 11. Qxa7 Nc6 0-1

[Event "ch N1A"]
[Site "Clichy II"]
[Date "10.12.06"]
[Round "4.5"]
[White "Keller, Christophe"]
[Black "Roumegous, Marina"]
[Result "1/2-1/2"]
[WhiteElo "2228"]
[BlackElo "2202"]
[PlyCount "56"]
[EventDate "10.12.06"]
[WhiteTeam "Clichy II"]
[BlackTeam "Evry Grand Roque II"]

1. e4 c6 2. d4 d5 3. Nc3 g6 4. h3 Bg7 5. Nf3 Nh6 6. Bd3 O-O 7. Qe2 dxe4 8. Nxe4
Nf5 9. c3 Nd7 10. Bf4 Nf6 11. O-O Nd5 12. Bd2 Qc7 13. g3 Nd6 14. c4 Nxe4 15.
Qxe4 Nf6 16. Qh4 Nh5 17. g4 Nf4 18. Qg3 Ne6 19. Qxc7 Nxc7 20. Rfe1 Ne6 21. Be3
Rd8 22. Bf1 Nxd4 23. Nxd4 Bxd4 24. Bxd4 Rxd4 25. Rxe7 Kf8 26. Rae1 Bd7 27. R7e4
Rd2 28. R4e2 Rd4 1/2-1/2

[Event "ch N1A"]
[Site "Clichy II"]
[Date "10.12.06"]
[Round "4.6"]
[White "Guyard, Rodolphe"]
[Black "Daurelle, Herve"]
[Result "0-1"]
[WhiteElo "2149"]
[BlackElo "2234"]
[PlyCount "66"]
[EventDate "10.12.06"]
[WhiteTeam "Evry Grand Roque II"]
[BlackTeam "Clichy II"]

1. e4 e5 2. Bc4 Nf6 3. d4 exd4 4. Nf3 Nc6 5. O-O Nxe4 6. Re1 d5 7. Bxd5 Qxd5 8.
Nc3 Qa5 9. Nxe4 Be6 10. Neg5 O-O-O 11. Nxe6 fxe6 12. Rxe6 Be7 13. Qe2 Bf6 14.
Bf4 Qf5 15. Bg3 d3 16. cxd3 Qxd3 17. Qe1 Bxb2 18. Rb1 Bc3 19. Rxc6 bxc6 20.
Qe6+ Rd7 21. Qb3 Qb5 22. Qc2 Rhd8 23. Rf1 Qd3 24. Qa4 Re8 25. h3 Re4 26. Qb3
Bf6 27. Rc1 Qxb3 28. axb3 Kb7 29. Ne1 h5 30. Nc2 h4 31. f3 Re2 32. Be1 Bg5 33.
Kf1 Rxg2 0-1

[Event "ch N1A"]
[Site "Clichy II"]
[Date "10.12.06"]
[Round "4.7"]
[White "Coste, Thierry"]
[Black "Baumhauer, Christian"]
[Result "1/2-1/2"]
[WhiteElo "2225"]
[BlackElo "2030"]
[PlyCount "88"]
[EventDate "10.12.06"]
[WhiteTeam "Clichy II"]
[BlackTeam "Evry Grand Roque II"]

1. e4 c5 2. Nf3 e6 3. d4 cxd4 4. Nxd4 a6 5. Bd3 Qc7 6. O-O Nf6 7. Nc3 Be7 8.
Qe2 d6 9. Kh1 Nc6 10. Nxc6 bxc6 11. f4 O-O 12. e5 Nd5 13. Bd2 f5 14. exf6 Nxf6
15. Ne4 Nxe4 16. Qxe4 g6 17. Rae1 d5 18. Qa4 c5 19. c4 Bf6 20. Qc2 Rb8 21. b3
d4 22. Rf3 Bg7 23. Be4 Bd7 24. h4 e5 25. fxe5 Bxe5 26. Bxg6 Bc6 27. Be4 Bg3 28.
Bxc6 Bxe1 29. Bd5+ Kh8 30. Bxe1 Rbe8 31. Bg3 Qg7 32. Qf2 Rxf3 33. gxf3 d3 34.
Be4 d2 35. Bc2 Re1+ 36. Kh2 Qe7 37. Qg2 Qe3 38. Be4 Qd4 39. Bd5 d1=Q 40. Bxe1
Qe5+ 41. Bg3 Qee2 42. Bf2 Qe5+ 43. Kh3 Qf5+ 44. Kh2 Qe5+ 1/2-1/2

[Event " "]
[Site "Migné-Auxances"]
[Date "20.??.??"]
[Round "5.1"]
[White "Colin, Vincent"]
[Black "Solodovnichenko, Yuri"]
[Result "0-1"]
[WhiteElo "2428"]
[BlackElo "2585"]
[PlyCount "92"]
[EventDate "20.??.??"]
[WhiteTeam "Deauville"]
[BlackTeam "Niort"]

1. c4 Nf6 2. Nc3 c5 3. Nf3 e6 4. e3 Nc6 5. d4 d5 6. a3 cxd4 7. exd4 Be7 8. Bd3
dxc4 9. Bxc4 O-O 10. O-O b6 11. d5 Na5 12. Ba2 exd5 13. Nxd5 Nxd5 14. Bxd5 Bb7
15. Bxb7 Nxb7 16. Be3 Bf6 17. Bd4 Nc5 18. Rc1 Re8 19. Bxc5 bxc5 20. Rxc5 Bxb2
21. a4 g6 22. Qxd8 Raxd8 23. Rc7 a5 24. Rc5 Ra8 25. Re1 Rec8 26. Rb5 Rc2 27. g3
Bf6 28. Re4 Ra2 29. Ne5 Kg7 30. Rb7 Bxe5 31. Rxe5 Ra6 32. Ree7 Rf6 33. f4 Rxa4
34. Kg2 Ra2+ 35. Kf3 Rxh2 36. Ra7 Ra2 37. g4 g5 38. f5 h5 39. gxh5 Rxf5+ 40.
Kg4 Raf2 41. Re4 Kh6 42. Ra6+ f6 43. Re8 R5f4+ 44. Kg3 Kxh5 45. Rh8+ Kg6 46.
Rxa5 R4f3+ 0-1

[Event " "]
[Site "Migné-Auxances"]
[Date "20.??.??"]
[Round "5.2"]
[White "Stets, Dmitry"]
[Black "Tirard, Hugo"]
[Result "1/2-1/2"]
[WhiteElo "2378"]
[BlackElo "2466"]
[PlyCount "97"]
[EventDate "20.??.??"]
[WhiteTeam "Niort"]

1. e4 c5 2. Nf3 Nc6 3. d4 cxd4 4. Nxd4 Nf6 5. Nc3 e5 6. Ndb5 d6 7. Bg5 a6 8.
Na3 b5 9. Bxf6 gxf6 10. Nd5 Bg7 11. Bd3 Ne7 12. Nxe7 Qxe7 13. c3 f5 14. Nc2 O-O
15. O-O f4 16. Qe2 Qg5 17. a4 bxa4 18. Rxa4 Bf6 19. Rfa1 Kh8 20. Ne1 Rg8 21.
Kh1 Bh3 22. Qf1 Bg4 23. Be2 Be6 24. Bc4 Rab8 25. Qe2 f3 26. Qxf3 Rxb2 27. Bxe6
fxe6 28. Rxa6 Be7 29. g3 Kg7 30. h4 Qf6 31. Ra7 Rf8 32. Qxf6+ Kxf6 33. Kg2 Rfb8
34. Rd7 R8b7 35. Ra7 Rxa7 36. Rxa7 Re2 37. Nf3 h6 38. g4 Rxe4 39. g5+ hxg5 40.
hxg5+ Kf7 41. Rc7 Ke8 42. Kg3 Rf4 43. g6 Rf8 44. Rc8+ Bd8 45. Kg4 Rg8 46. Nh4
Rh8 47. Nf3 Rg8 48. Nh4 Rh8 49. Nf3 1/2-1/2

[Event " "]
[Site "Migné-Auxances"]
[Date "20.??.??"]
[Round "5.3"]
[White "Houska, Jovanka"]
[Black "David, Vincent"]
[Result "0-1"]
[WhiteElo "2384"]
[BlackElo "2373"]
[PlyCount "114"]
[EventDate "20.??.??"]
[WhiteTeam "Deauville"]
[BlackTeam "Niort"]

1. e4 e6 2. d4 d5 3. Nc3 dxe4 4. Nxe4 Nd7 5. Nf3 Ngf6 6. Nxf6+ Nxf6 7. Be3 Nd5
8. Bg5 Be7 9. Bxe7 Qxe7 10. Qd2 Bd7 11. Bd3 O-O-O 12. a3 e5 13. O-O-O e4 14.
Rhe1 f5 15. Bf1 Kb8 16. Ne5 Be6 17. c4 Nf6 18. f3 Rhe8 19. Qb4 Qxb4 20. axb4 c6
21. Kc2 Kc7 22. Kc3 a6 23. Rd2 g6 24. Rf2 Re7 25. b3 a5 26. bxa5 c5 27. Rd2 Bc8
28. h4 cxd4+ 29. Rxd4 Rxe5 30. h5 Nxh5 31. Rxd8 Kxd8 32. Kd4 Rxa5 33. fxe4 fxe4
34. Rxe4 Rg5 35. Rh4 Ng3 36. Bd3 Nf5+ 37. Bxf5 Bxf5 38. Ke5 Bc2+ 39. Kd4 Rxg2
40. b4 Rd2+ 41. Kc5 Kc7 42. b5 b6+ 43. Kb4 Re2 44. Rf4 Kd6 45. Rf6+ Re6 46. Rf8
Ke7 47. Rc8 h5 48. c5 Kd7 49. Rg8 Be4 50. Rh8 bxc5+ 51. Kxc5 Bf3 52. Rh7+ Re7
53. Rh6 Re5+ 54. Kb4 Be2 55. b6 Kc8 56. Ka4 Kb7 57. Rh7+ Ka6 0-1

[Event " "]
[Site "Migné-Auxances"]
[Date "20.??.??"]
[Round "5.4"]
[White "Tranchant, Sebastien"]
[Black "Coursaget, Nicolas"]
[Result "1-0"]
[WhiteElo "2209"]
[BlackElo "2316"]
[PlyCount "67"]
[EventDate "20.??.??"]
[WhiteTeam "Niort"]

1. e4 c5 2. Nf3 Nc6 3. d4 cxd4 4. Nxd4 Nf6 5. Nc3 e5 6. Ndb5 d6 7. Bg5 a6 8.
Na3 b5 9. Bxf6 gxf6 10. Nd5 Bg7 11. Bd3 Be6 12. O-O f5 13. Qh5 Rc8 14. c4 bxc4
15. Nxc4 Nd4 16. Ncb6 fxe4 17. Bxe4 Rc5 18. Rac1 Kf8 19. b4 Rb5 20. f4 Rxb6 21.
f5 Ne2+ 22. Kh1 Bxd5 23. Bxd5 Rb7 24. Qxe2 Rb6 25. f6 Bxf6 26. Qg4 Rg8 27. Qf5
Kg7 28. Rc8 Qe7 29. Rc7 Qxc7 30. Qxf6+ Kf8 31. Bxf7 Qe7 32. Qf5 Rg5 33. Qxh7
Qd8 34. Bg6+ 1-0

[Event " "]
[Site "Migné-Auxances"]
[Date "20.??.??"]
[Round "5.5"]
[White "Amoyal, Pierre"]
[Black "Lagarde, Maxime"]
[Result "0-1"]
[WhiteElo "2154"]
[BlackElo "2169"]
[PlyCount "64"]
[EventDate "20.??.??"]
[WhiteTeam "Deauville"]
[BlackTeam "Niort"]

1. d4 Nf6 2. c4 g6 3. Nc3 Bg7 4. e4 d6 5. Nf3 O-O 6. Be2 e5 7. O-O exd4 8. Nxd4
Re8 9. f3 Nc6 10. Be3 Nh5 11. f4 Nf6 12. Bf3 Bg4 13. Nxc6 Bxf3 14. Qxf3 bxc6
15. e5 dxe5 16. Rad1 Qe7 17. Qxc6 Ng4 18. Bc5 Qh4 19. h3 Nh6 20. Qf3 Rab8 21.
b3 Nf5 22. Nd5 exf4 23. Qxf4 Qxf4 24. Rxf4 Be5 25. Rf3 Kg7 26. Rdf1 c6 27. Ne3
Nd4 28. Rxf7+ Kg8 29. Rxa7 Ne2+ 30. Kf2 Ng3 31. Be7 Nxf1 32. Kxf1 Bd4 0-1

[Event " "]
[Site "Migné-Auxances"]
[Date "20.??.??"]
[Round "5.6"]
[White "Flament, Alexandre"]
[Black "Fruteau, Sabine"]
[Result "1-0"]
[WhiteElo "2092"]
[BlackElo "2159"]
[PlyCount "127"]
[EventDate "20.??.??"]
[WhiteTeam "Niort"]

1. e4 e5 2. Bc4 Nc6 3. d3 Nf6 4. Nf3 h6 5. O-O d6 6. c3 Be7 7. h3 O-O 8. Re1
Na5 9. Bb5 a6 10. Ba4 b5 11. Bc2 c5 12. Nbd2 Ne8 13. Nf1 Nc6 14. Ng3 Kh7 15. a3
a5 16. d4 Bf6 17. Be3 cxd4 18. cxd4 g6 19. Qd2 exd4 20. Bxh6 Rh8 21. Bb3 Be6
22. Bxe6 fxe6 23. Rac1 Qb6 24. Bg5 Bg7 25. Rc2 e5 26. Rec1 Nd8 27. Bxd8 Qxd8
28. Ng5+ Kg8 29. Ne6 Qe7 30. Nxg7 Kxg7 31. Qe2 Qd7 32. Rc6 Rb8 33. b4 axb4 34.
axb4 Rb7 35. Qa2 Nc7 36. Qb3 Ra8 37. Qc2 Ne6 38. Qb3 Nf4 39. Kf1 Kf6 40. Ne2
Ne6 41. Qd5 Rd8 42. f4 Rc7 43. fxe5+ Kg7 44. Rxd6 Qf7+ 45. Ke1 Rxd6 46. exd6
Rxc1+ 47. Nxc1 Qf6 48. Ne2 Qh4+ 49. Kd1 Qf6 50. e5 Qf5 51. d7 Qd3+ 52. Ke1 Qb1+
53. Kf2 d3 54. Qxe6 dxe2 55. Qf6+ Kh7 56. Qf7+ Kh6 57. Qf4+ Kh7 58. Qf7+ Kh6
59. Kxe2 Qc2+ 60. Ke3 Qc3+ 61. Kf2 Qb2+ 62. Kg3 Qc3+ 63. Qf3 Qe1+ 64. Kg4 1-0

[Event " "]
[Site "Migné-Auxances"]
[Date "20.??.??"]
[Round "5.7"]
[White "Hagesaether, Arne"]
[Black "Voisembert, Alain"]
[Result "1/2-1/2"]
[WhiteElo "2160"]
[BlackElo "2104"]
[PlyCount "52"]
[EventDate "20.??.??"]
[WhiteTeam "Deauville"]
[BlackTeam "Niort"]

1. e4 c5 2. Nf3 Nc6 3. d3 g6 4. g3 Bg7 5. Bg2 d6 6. O-O Nf6 7. Re1 O-O 8. Nbd2
Qc7 9. h3 Nd7 10. Nf1 b5 11. Rb1 Bb7 12. Bf4 Rad8 13. Qd2 Qa5 14. c3 b4 15. d4
Ba6 16. Bh6 bxc3 17. bxc3 Bxf1 18. Rxf1 cxd4 19. Bxg7 Kxg7 20. Nxd4 Nxd4 21.
Qxd4+ Kg8 22. Rb7 Qxa2 23. Rxa7 Qb3 24. h4 Ne5 25. Qd5 Qxd5 26. exd5 Rd7 $11
1/2-1/2

[Event " "]
[Site "Migné-Auxances"]
[Date "20.??.??"]
[Round "5.8"]
[White "Marchais, Aurelie"]
[Black "Canonne, Antoine"]
[Result "1/2-1/2"]
[WhiteElo "1776"]
[BlackElo "2065"]
[PlyCount "111"]
[EventDate "20.??.??"]
[WhiteTeam "Niort"]

1. e4 c5 2. Nf3 e6 3. d4 cxd4 4. Nxd4 Bc5 5. Nb3 Bb6 6. Nc3 Ne7 7. g3 O-O 8.
Bg2 f5 9. O-O fxe4 10. Nxe4 d5 11. Ng5 h6 12. Nf3 Nbc6 13. Qe2 Qe8 14. Be3 Bxe3
15. Qxe3 Nf5 16. Qe2 Qh5 17. Rfe1 Rf6 18. c3 Nd6 19. Nfd4 Qxe2 20. Rxe2 Nxd4
21. Nxd4 Bd7 22. Rae1 Re8 23. f4 Kf8 24. Nf3 Bb5 25. Rc2 Bd3 26. Rd2 Be4 27.
Ne5 Kg8 28. Bxe4 Nxe4 29. Rdd1 b5 30. Re3 Rc8 31. Ng4 Rff8 32. Nf2 Nxf2 33.
Kxf2 Rc6 34. Re5 g5 35. f5 Rd6 36. Ke3 exf5 37. Rdxd5 f4+ 38. gxf4 gxf4+ 39.
Kf3 Ra6 40. a3 Rg6 41. Rxb5 Rg1 42. Re2 Rf1+ 43. Rf2 Re1 44. Rb4 Re3+ 45. Kg2
f3+ 46. Kg3 Kh8 47. Rf4 Rg8+ 48. Kh3 Rb8 49. R4xf3 Rxf3+ 50. Rxf3 Rxb2 51. Rf7
a5 52. Rf5 Rb3 53. Rxa5 Rxc3+ 54. Kg4 Kg7 55. h4 Rc4+ 56. Kg3 1/2-1/2

[Event " "]
[Site "Migné-Auxances"]
[Date "20.??.??"]
[Round "5.1"]
[White "Todorov, Todor"]
[Black "Bojkov, Dejan"]
[Result "1/2-1/2"]
[WhiteElo "2493"]
[BlackElo "2474"]
[PlyCount "24"]
[EventDate "20.??.??"]
[WhiteTeam "Bois-Colombes"]
[BlackTeam "Migné-Auxances"]

1. e4 e5 2. Nf3 Nc6 3. Bc4 Be7 4. d4 d6 5. dxe5 dxe5 6. Qxd8+ Bxd8 7. Nc3 a6 8.
Bd5 Nge7 9. Be3 Bg4 10. O-O-O Nxd5 11. exd5 Ne7 12. Rde1 Bxf3 1/2-1/2

[Event " "]
[Site "Migné-Auxances"]
[Date "20.??.??"]
[Round "5.2"]
[White "Inkiov, Ventzislav"]
[Black "Kozakov, Mikhail"]
[Result "1/2-1/2"]
[WhiteElo "2510"]
[BlackElo "2415"]
[PlyCount "49"]
[EventDate "20.??.??"]
[WhiteTeam "Migné-Auxances"]

1. d4 Nf6 2. c4 g6 3. Nc3 d5 4. Bf4 Bg7 5. e3 O-O 6. Qb3 c6 7. Nf3 Qa5 8. Be2
dxc4 9. Bxc4 b5 10. Bxf7+ Rxf7 11. Bxb8 Rxb8 12. Ne5 e6 13. Nxc6 Qb6 $11 14.
Nxb8 b4 15. Na4 Qxb8 16. Nc5 Nd5 17. O-O Bf8 18. Rac1 Bd6 19. f4 Bxc5 20. Rxc5
Bb7 21. a3 Qd6 22. axb4 g5 23. g3 gxf4 24. exf4 h6 25. Rf2 $11 1/2-1/2

[Event " "]
[Site "Migné-Auxances"]
[Date "20.??.??"]
[Round "5.3"]
[White "Chomet, Pascal"]
[Black "Firman, Nazar"]
[Result "1/2-1/2"]
[WhiteElo "2352"]
[BlackElo "2481"]
[PlyCount "82"]
[EventDate "20.??.??"]
[WhiteTeam "Bois-Colombes"]
[BlackTeam "Migné-Auxances"]

1. e4 c5 2. Nf3 e6 3. Nc3 a6 4. d4 cxd4 5. Nxd4 Nc6 6. Nxc6 bxc6 7. Bd3 d5 8.
O-O Nf6 9. Qf3 Be7 10. Qg3 O-O 11. Re1 g6 12. Bh6 Re8 13. Re2 d4 14. Na4 c5 15.
b3 Bb7 16. Nb2 Nh5 17. Qg4 Bf8 18. Bxf8 Rxf8 19. e5 Kg7 20. Rae1 Kh8 21. g3 Ra7
22. h4 Bd5 23. Bc4 Ng7 24. Bxd5 exd5 25. Nd3 Qc8 26. Qg5 Ne6 27. Qf6+ Kg8 28.
Nf4 Nxf4 29. Qxf4 Qe6 30. Kg2 a5 31. a4 Rb7 32. h5 d3 33. cxd3 Rxb3 34. Re3 Rb4
35. Qh6 gxh5 36. Qxh5 Rxa4 37. Rf3 Qg6 38. Qh3 Qg4 39. Qh6 Qe6 40. Qh3 Qg4 41.
Qh6 Qe6 1/2-1/2

[Event " "]
[Site "Migné-Auxances"]
[Date "20.??.??"]
[Round "5.4"]
[White "Picard, Romain"]
[Black "Shoker, Samy"]
[Result "1-0"]
[WhiteElo "2324"]
[BlackElo "2353"]
[PlyCount "204"]
[EventDate "20.??.??"]
[WhiteTeam "Migné-Auxances"]

1. Nf3 g6 2. e4 Bg7 3. d4 d6 4. Be2 Nf6 5. Nc3 O-O 6. O-O c6 7. a4 Qc7 8. Bf4
Nh5 9. Be3 e5 10. Qd2 a5 11. Rfd1 Na6 12. h3 Nb4 13. Bc4 Qe7 14. Bg5 Qe8 15. d5
cxd5 16. Nxd5 Nxd5 17. Bb5 Bd7 18. Bxd7 Qxd7 19. Qxd5 h6 20. Be3 Ra6 21. c4 Nf6
22. Qd3 Qc6 23. Nd2 Nd7 24. f3 h5 25. b3 Kh7 26. g4 Bf6 27. Nf1 h4 28. Kg2 Bd8
29. Rab1 Nc5 30. Qd5 Ne6 31. Qxc6 Rxc6 32. Rd5 Bb6 33. Rb5 Nd4 34. Bxd4 Bxd4
35. Rxb7 Kh8 36. g5 Bb6 37. Rd1 Bd8 38. Rd5 Ra6 39. Rd7 Bxg5 40. R7xd6 Rxd6 41.
Rxd6 Rb8 42. Rd3 Kg7 43. Kf2 Kf6 44. Ne3 Bxe3+ 45. Kxe3 Ke6 46. Kd2 Kf6 47. c5
Rc8 48. Rc3 Ke6 49. Kd3 f5 50. Rc4 Kd7 51. exf5 gxf5 52. Rxh4 Rxc5 53. b4 axb4
54. Rxb4 Rc1 $11 55. h4 Rh1 56. a5 Kc6 57. Rb6+ Kc5 58. Rh6 Ra1 59. a6 Ra3+ 60.
Ke2 Ra2+ 61. Ke3 Ra3+ 62. Kf2 f4 63. Ke2 Kd4 64. Re6 Kd5 65. Rf6 e4 66. Rf5+
Ke6 67. fxe4 Rxa6 68. Kf3 Ra3+ 69. Kxf4 Rh3 70. Rh5 Rh1 71. Rh6+ Kf7 72. Kf5
Kg7 73. Rg6+ Kf7 74. Rg4 Ra1 75. Rg2 Rh1 76. Rf2 Ke7 77. Rf4 Kf7 78. e5 Re1 79.
Rf2 Rh1 80. Rf4 Ke7 81. Re4 Rf1+ 82. Kg6 Rg1+ 83. Kh6 Ke6 84. h5 Kf5 85. Re2
Ke6 86. Kh7 Rg3 87. Re4 Rg5 88. h6 Rg1 89. Kh8 Rg6 90. h7 Rg1 91. Re2 Rg3 92.
Rf2 Kxe5 93. Rf8 Ke6 94. Rg8 Rh3 95. Kg7 Rg3+ 96. Kf8 Rf3+ 97. Ke8 Ra3 98. Rg6+
Kf5 99. Rf6+ Kg5 100. Rf8 Ra8+ 101. Kf7 Ra7+ 102. Kg8 Kg6 1-0

[Event " "]
[Site "Migné-Auxances"]
[Date "20.??.??"]
[Round "5.5"]
[White "Dumitran, Octavian"]
[Black "Bedouin, Xavier"]
[Result "1/2-1/2"]
[WhiteElo "2269"]
[BlackElo "2338"]
[PlyCount "47"]
[EventDate "20.??.??"]
[WhiteTeam "Bois-Colombes"]
[BlackTeam "Migné-Auxances"]

1. d4 d5 2. Nf3 Nf6 3. c4 e6 4. Nc3 Be7 5. Bg5 h6 6. Bh4 O-O 7. e3 Ne4 8. Bxe7
Qxe7 9. Qc2 c6 10. Bd3 Nxc3 11. Qxc3 Nd7 12. O-O dxc4 13. Bxc4 b6 14. Be2 Bb7
15. Rfc1 Rfc8 16. Ne1 c5 17. Qa3 Qf6 18. Bb5 Bc6 19. Bxc6 Rxc6 20. Nd3 e5 21.
dxc5 e4 22. Nf4 Nxc5 23. b4 Ne6 24. Rxc6 1/2-1/2

[Event " "]
[Site "Migné-Auxances"]
[Date "20.??.??"]
[Round "5.6"]
[White "Saada, Julien"]
[Black "Bernard, Vincent"]
[Result "1/2-1/2"]
[WhiteElo "2246"]
[BlackElo "2215"]
[PlyCount "65"]
[EventDate "20.??.??"]
[WhiteTeam "Migné-Auxances"]

1. d4 d5 2. c4 dxc4 3. Nf3 a6 4. e3 Nf6 5. Bxc4 e6 6. O-O c5 7. Qe2 b5 8. Bd3
Bb7 9. dxc5 Nc6 10. a3 Bxc5 11. b4 Bb6 12. Bb2 O-O 13. Nbd2 Qe7 14. Rac1 Rac8
15. Nb3 Nb8 16. Bd4 Bxd4 17. Nfxd4 Rxc1 18. Rxc1 Rc8 19. Rxc8+ Bxc8 20. Qc2 Bb7
21. Qc5 Qxc5 22. Nxc5 Bc8 23. Kf1 Nbd7 24. Ndb3 Nxc5 25. Nxc5 Nd7 26. Nxd7 Bxd7
27. Be4 Bc8 28. f4 h6 29. Ke2 Kf8 30. Kd3 Ke7 31. h4 Kd6 $11 32. g4 f6 33. Bg2
1/2-1/2